LIBRARY ONLINE CATALOGUE

Government financial regulations and procedures / (Record no. 13639)

MARC details
000 -LEADER
fixed length control field 00727nam a22002052 4500
001 - CONTROL NUMBER
control field 0000018382
005 - DATE AND TIME OF LATEST TRANSACTION
control field 20151217155857.0
008 - FIXED-LENGTH DATA ELEMENTS--GENERAL INFORMATION
fixed length control field 091022s xx 000 0 eng d
040 ## - CATALOGING SOURCE
Original cataloging agency KABU
Transcribing agency KABU
110 2# - MAIN ENTRY--CORPORATE NAME
Corporate name or jurisdiction name as entry element Kenya.
Subordinate unit Ministry of Finance.
-- 0000177603
245 10 - TITLE STATEMENT
Title Government financial regulations and procedures /
Statement of responsibility, etc. Ministry of Finance, Kenya.
250 ## - EDITION STATEMENT
Edition statement 1st ed.
260 ## - PUBLICATION, DISTRIBUTION, ETC. (IMPRINT)
Place of publication, distribution, etc. Nairobi :
Name of publisher, distributor, etc. Government Printer,
Date of publication, distribution, etc. 1989.
300 ## - PHYSICAL DESCRIPTION
Extent varous paging.
650 #0 - SUBJECT ADDED ENTRY--TOPICAL TERM
Topical term or geographic name as entry element Finance, Public
General subdivision Law and legislation
Geographic subdivision Kenya.
-- 0000177604
650 #0 - SUBJECT ADDED ENTRY--TOPICAL TERM
Topical term or geographic name as entry element Finance, Public
General subdivision Accounting
-- Law and legislation.
Geographic subdivision Kenya.
-- 0000177605
852 1# - LOCATION
-- p900 KES
908 ## - PUT COMMAND PARAMETER (RLIN)
Put command parameter 091022
950 ## - LOCAL HOLDINGS (RLIN)
-- 1
Holdings
Withdrawn status Lost status Source of classification or shelving scheme Not for loan Home library Current library Date acquired Total Checkouts Full call number Barcode Date last seen Price effective from Koha item type
    Library of Congress Classification   Kabarak, Main Campus Kabarak, Main Campus 17/12/2015   KSK2724.7 .K46 1989 c. 1 18038 17/12/2015 17/12/2015 Africana Collection